<?xml version="1.0" encoding="UTF-8"?>
<collection xmlns="http://www.loc.gov/MARC21/slim">
 <record>
  <leader>01363nam a2200205Ia 4500</leader>
  <controlfield tag="001">CTU_220866</controlfield>
  <controlfield tag="008">210402s9999    xx            000 0 und d</controlfield>
  <datafield tag="020" ind1=" " ind2=" ">
   <subfield code="c">100000</subfield>
  </datafield>
  <datafield tag="082" ind1=" " ind2=" ">
   <subfield code="a">959.793</subfield>
  </datafield>
  <datafield tag="082" ind1=" " ind2=" ">
   <subfield code="b">C121</subfield>
  </datafield>
  <datafield tag="245" ind1=" " ind2="0">
   <subfield code="a">Cần Thơ di tích lịch sử danh lam thắng cảnh</subfield>
  </datafield>
  <datafield tag="245" ind1=" " ind2="0">
   <subfield code="c">Đỗ Tấn Hiệp, ... [et al.]</subfield>
  </datafield>
  <datafield tag="260" ind1=" " ind2=" ">
   <subfield code="a">Hà Nội</subfield>
  </datafield>
  <datafield tag="260" ind1=" " ind2=" ">
   <subfield code="b">Giáo dục Việt Nam</subfield>
  </datafield>
  <datafield tag="260" ind1=" " ind2=" ">
   <subfield code="c">2015</subfield>
  </datafield>
  <datafield tag="520" ind1=" " ind2=" ">
   <subfield code="a">Qúy độc giả đang cầm trên tay một quyển sách tuy nhỏ nhưng đầy tâm huyết của một nhó tác giả trẻ. Các tác giả này đã viết về lịch sử và văn hóa của quê hương mình, Cần Thơ - một vùng đất rất quan trọng miền biên viễn thời chúa Nguyễn mở cõi. Qua năm tháng Cần Thơ dần thành Tây Đô, thủ phủ của miền Tây Nam Kì thời thuộc Pháp. Sau hiệp định Geneve, quân Pháp rút khỏi miền Nam, dân dân miền Nam lại phải chống đế quốc Mỹ để bảo vệ quê hương...</subfield>
  </datafield>
  <datafield tag="650" ind1=" " ind2=" ">
   <subfield code="a">Cantho (Vietnam),Cần Thơ (Việt Nam)</subfield>
  </datafield>
  <datafield tag="650" ind1=" " ind2=" ">
   <subfield code="x">Description and travel,Mô tả và du lịch</subfield>
  </datafield>
  <datafield tag="904" ind1=" " ind2=" ">
   <subfield code="i">Phan Lâm Vũ Anh, Trúc</subfield>
  </datafield>
  <datafield tag="980" ind1=" " ind2=" ">
   <subfield code="a">Trung tâm Học liệu Trường Đại học Cần Thơ</subfield>
  </datafield>
 </record>
</collection>
